00960nab a22001817a 4500003000400000005001700004008004100021040000700062100002900069245016100098260007200259300001300331505017500344505008900519650001800608650003300626773011900659OSt20260121192450.0190502c xxu||||| |||| 00| 0 spa d cPJ aGarcía, Víctor Hugo 13aDogmática penal para la democracia :blas teorías de Hans Welzel y Claus Roxin en la sentencia del “Juicio a las Juntas” /cVíctor Hugo García. aCiudad Autónoma de Buenos Aires :bThomson Reuters La Ley,c2024. ap. 29-52 aSumario: I. Introducción metodológica.— II. La recepción de las teorías sobre la autoría.— III. El “Juicio a las Juntas” de 1985.— IV. Conclusión.  t¿Te interesa el texto completo? Solicitalo al correo: koha@justierradelfuego.gov.ar 0aDERECHO PENAL 0aCRÍMENES DE LESA HUMANIDAD0 02729dBuenos Aires : LexisNexis, 2006-tRevista de derecho penal y procesal penal. Nº 7 - Julio 2024z9875920622